<?xml version="1.0" encoding="UTF-8"?>
<record
    xmlns:xsi="http://www.w3.org/2001/XMLSchema-instance"
    xsi:schemaLocation="http://www.loc.gov/MARC21/slim http://www.loc.gov/standards/marcxml/schema/MARC21slim.xsd"
    xmlns="http://www.loc.gov/MARC21/slim">

  <leader>01239nam a2200325   4500</leader>
  <controlfield tag="001">394</controlfield>
  <controlfield tag="003">OSt</controlfield>
  <controlfield tag="005">20250414160234.0</controlfield>
  <controlfield tag="008">250414b        |||||||e |||| 00| 0 eng d</controlfield>
  <datafield tag="020" ind1=" " ind2=" ">
    <subfield code="a">9788502029002</subfield>
  </datafield>
  <datafield tag="040" ind1=" " ind2=" ">
    <subfield code="b">por</subfield>
  </datafield>
  <datafield tag="041" ind1=" " ind2=" ">
    <subfield code="h">por</subfield>
  </datafield>
  <datafield tag="082" ind1=" " ind2=" ">
    <subfield code="a">150.7</subfield>
    <subfield code="b">B665p</subfield>
  </datafield>
  <datafield tag="100" ind1=" " ind2=" ">
    <subfield code="a">Bock, Ana Merc&#xEA;s Bahia</subfield>
    <subfield code="d">1952-</subfield>
    <subfield code="9">830</subfield>
  </datafield>
  <datafield tag="245" ind1=" " ind2=" ">
    <subfield code="a">Psicologias :</subfield>
    <subfield code="b">Uma introdu&#xE7;&#xE3;o ao estudo de psicologia / </subfield>
    <subfield code="c">Bock, Ana Merc&#xEA;s Bahia</subfield>
  </datafield>
  <datafield tag="250" ind1=" " ind2=" ">
    <subfield code="a">14&#xB0; edi&#xE7;&#xE3;o</subfield>
  </datafield>
  <datafield tag="260" ind1=" " ind2=" ">
    <subfield code="a">S&#xE3;o Paulo</subfield>
    <subfield code="b">Saraiva</subfield>
    <subfield code="c">2008</subfield>
  </datafield>
  <datafield tag="300" ind1=" " ind2=" ">
    <subfield code="a">367 p.</subfield>
  </datafield>
  <datafield tag="520" ind1=" " ind2=" ">
    <subfield code="a">Psicologias &#xE9; uma introdu&#xE7;&#xE3;o ao estudo da Psicologia, que &#xE9; apresentada em seus v&#xE1;rios aspectos: sua hist&#xF3;ria, as abordagens te&#xF3;ricas, os temas b&#xE1;sicos, as &#xE1;reas de conhecimento, as principais caracter&#xED;sticas da profiss&#xE3;o, os temas cotidianos, vistos sobre a &#xF3;tica da Psicologia.
</subfield>
  </datafield>
  <datafield tag="650" ind1=" " ind2="0">
    <subfield code="a">Psicologia</subfield>
    <subfield code="9">831</subfield>
  </datafield>
  <datafield tag="650" ind1=" " ind2="0">
    <subfield code="a">&#xC1;reas da Psicologia</subfield>
    <subfield code="9">832</subfield>
  </datafield>
  <datafield tag="650" ind1=" " ind2="0">
    <subfield code="a">Psicologia aplicada ao cotidiano</subfield>
    <subfield code="9">833</subfield>
  </datafield>
  <datafield tag="650" ind1=" " ind2="0">
    <subfield code="a">Estudos introdut&#xF3;rios em Psicologia</subfield>
    <subfield code="9">834</subfield>
  </datafield>
  <datafield tag="655" ind1=" " ind2="0">
    <subfield code="a">N&#xE3;o Fic&#xE7;&#xE3;o</subfield>
    <subfield code="9">102</subfield>
  </datafield>
  <datafield tag="655" ind1=" " ind2="0">
    <subfield code="a">T&#xE9;cnico-cient&#xED;fico</subfield>
    <subfield code="9">835</subfield>
  </datafield>
  <datafield tag="655" ind1=" " ind2="0">
    <subfield code="a">Livro Did&#xE1;tico</subfield>
    <subfield code="9">472</subfield>
  </datafield>
  <datafield tag="700" ind1="1" ind2=" ">
    <subfield code="a">Furtado, Odair.</subfield>
    <subfield code="9">836</subfield>
  </datafield>
  <datafield tag="700" ind1="1" ind2=" ">
    <subfield code="a">Trassi, Maria de Lourdes,</subfield>
    <subfield code="d">1951-</subfield>
    <subfield code="9">837</subfield>
  </datafield>
  <datafield tag="942" ind1=" " ind2=" ">
    <subfield code="2">ddc</subfield>
    <subfield code="n">0</subfield>
    <subfield code="c">BK</subfield>
  </datafield>
  <datafield tag="952" ind1=" " ind2=" ">
    <subfield code="0">0</subfield>
    <subfield code="1">0</subfield>
    <subfield code="2">ddc</subfield>
    <subfield code="4">0</subfield>
    <subfield code="7">0</subfield>
    <subfield code="8">NFIC</subfield>
    <subfield code="a">BIBIB</subfield>
    <subfield code="b">BIBIB</subfield>
    <subfield code="c">PF</subfield>
    <subfield code="d">2025-04-14</subfield>
    <subfield code="e">doa&#xE7;&#xE3;o</subfield>
    <subfield code="l">0</subfield>
    <subfield code="o">150.7 / B665p</subfield>
    <subfield code="p">2025-17333</subfield>
    <subfield code="r">2025-04-14 07:58:34</subfield>
    <subfield code="w">2025-04-14</subfield>
    <subfield code="y">BK</subfield>
  </datafield>
  <datafield tag="952" ind1=" " ind2=" ">
    <subfield code="0">0</subfield>
    <subfield code="1">0</subfield>
    <subfield code="2">ddc</subfield>
    <subfield code="4">0</subfield>
    <subfield code="7">0</subfield>
    <subfield code="8">NFIC</subfield>
    <subfield code="a">BIBIB</subfield>
    <subfield code="b">BIBIB</subfield>
    <subfield code="c">PF</subfield>
    <subfield code="d">2025-06-18</subfield>
    <subfield code="e">doa&#xE7;&#xE3;o</subfield>
    <subfield code="l">0</subfield>
    <subfield code="o">150.7 / B665p</subfield>
    <subfield code="p">2025-17357</subfield>
    <subfield code="r">2025-06-18 08:07:21</subfield>
    <subfield code="w">2025-06-18</subfield>
    <subfield code="y">BK</subfield>
  </datafield>
  <datafield tag="999" ind1=" " ind2=" ">
    <subfield code="c">394</subfield>
    <subfield code="d">394</subfield>
  </datafield>
</record>
